Language Quiz

Random Language or Poem Quiz

Haiku Multiple Choice: Languages Quiz Stats

 Plays Quiz Updated Jan 10, 2018

Challenge
Share
Tweet
Embed
Score 0/18 Timer 05:00
2 Plays Today
Question Answer Wrong Answers
What am I speaking
If I say, 'Guten morgen,'
To you at breakfast?
German
97.1%
Polish
1%
French
0.8%
Russian
1%
Vatican locals,
Lawyers and taxonomists
May admire its roots.
Latin
94.3%
French
1.3%
Coptic
1.7%
Aramaic
1.5%
Si puedes leer
En este idioma,
Esto es fácil.
Spanish
89.5%
Italian
1.7%
Latin
1.6%
Romansh
2.7%
A smile and a wave,
'Buona sera, amico!'
Come have some gnocchi.
Italian
89%
French
1.2%
Spanish
6.5%
Greek
1.5%
Camera aloft,
I then requested, 'Say cheese.'
'Phô mai,' they replied.
Vietnamese
86.6%
Ukrainian
1.4%
Malay
3.9%
Maori
1.8%
And now, I quote Styx.
Yes, Dōmo arigatō
Mister Roboto.
Japanese
86.3%
Vietnamese
3.9%
Burmese
2.8%
Cantonese
3.9%
I present to you
Four Indian languages.
Which is most spoken?
Hindi
86%
Tamil
4.7%
Marathi
1%
Gujarati
2.7%
Its harsh tones echo
Through the halls of Comic Con
Spewn from Trekkie mouths.
Klingon
81.3%
Elvish
4%
Atlantean
2%
Dothraki
4.2%
From this, we borrow
Algebra, coffee, cotton,
Zenith and nadir.
Arabic
74.3%
Spanish
1%
Turkish
14.6%
Cherokee
4.1%
Lost, need directions.
'Mko wapi Nairobi?'
Now I've found my way.
Swahili
72.4%
Afrikaans
16.5%
Malagasy
2.1%
Arabic
1.3%
Of this tongue, I asked,
'How many native speakers?'
Nine hundred million!
Mandarin
71.8%
Hindi
10.4%
Spanish
6.9%
Arabic
8.3%
The official speech
For residents of Tehran,
It reads right-to-left.
Persian
67.9%
Urdu
19.3%
Tamil
6.5%
Azeri
2.7%
'Jag skrev dig en dikt.'
Means, 'I wrote you a poem.'
In one of these tongues.
Swedish
66.7%
German
2.7%
Dutch
6.9%
Czech
17.9%
One of these alone
Is counted among the six
U.N. languages
Russian
61.6%
Portuguese
9.6%
Turkish
1.5%
German
20.4%
Three of your choices
Use Cyrillic alphabets.
But which one does not?
Polish
61%
Serbian
9.3%
Kazakh
15.2%
Belarusian
6.4%
'Ik ben een forel.'
A very important phrase.
It means, 'I'm a trout.'
Dutch
57.4%
Finnish
24.1%
Czech
11.4%
Maltese
1.7%
Hangul characters
Transcribed in syllabic blocks
Create this language.
Korean
56.9%
Thai
15.2%
Nepali
9.5%
Kyrgyz
13.3%
This is my language
If I count to five, saying:
En, to, tre, fire, fem.
Danish
52.7%
Welsh
23.3%
Bulgarian
10%
Greek
9.8%

You're not logged in!

Compare scores with friends on all Sporcle quizzes.
Join for Free
OR
Log In

You Might Also Like...

Show Comments

Extras

Top Quizzes Today


Score Distribution

Your Account Isn't Verified!

In order to create a playlist on Sporcle, you need to verify the email address you used during registration. Go to your Sporcle Settings to finish the process.

Report this User

Report this user for behavior that violates our Community Guidelines.

Details: